000 00861cam a2200289 4500
008 090401t1991 xxu||||| |||| 00| 0 eng d
020 _a0851254659
035 _a(Sirsi) u27104
041 _aeng
050 _a693.82
110 _aBuilding Research Establishment
245 _aExternal fire spread: building separation and boundary distances.
260 _aGarston, Watford
_bBuilding Research Establishment
_c1991
300 _avi,44p. : ill. ; 30cm.
350 _a15
490 _aBRE Report
_v187
650 _aAGGREGATE NOTIONAL AREAS
650 _aENCLOSING RECTANGLES
650 _aFIRE RESEARCH STATION
650 _aFIRE SPREAD
650 _aHEAT RADIATION
650 _aSPACE SEPARATION
690 _aBUILT ENVIRONMENT-BUILDING STANDARDS-FIRE REGULATIONS
700 _aRead, R.E.H.
_xEditor
942 _n0
948 _c04/03/1997
999 _c89047
_d89047